[Event "Arco op 40th"]
[Site "Arco"]
[Date "2018.10.15"]
[Round "3"]
[White "Pedrotti, Luciano"]
[Black "Oppici, Gabriele"]
[Result "0-1"]
[WhiteElo "1790"]
[BlackElo "1976"]
[PlyCount "142"]
[EventDate "2018.10.13"]
[EventType "swiss"]
[EventRounds "9"]
[EventCountry "ITA"]
[SourceTitle "CBM 186 Extra"]
[Source "ChessBase"]
[SourceDate "2018.08.24"]
[SourceVersion "1"]
[SourceVersionDate "2018.08.24"]
[SourceQuality "1"]

1. e4 d6 2. Nf3 Nf6 3. d3 g6 4. Be2 Bg7 5. 0-0 0-0 6. Nbd2 c5 7. c3 Nc6 8. Nb3 a6 9. e5 Ne8 10. exd6 Qxd6 11. Be3 b6 12. d4 cxd4 13. Nbxd4 Bb7 14. Qd2 Nf6 15. Ng5 Rad8 16. Rad1 Qc7 17. Qc1 Nd5 18. Nxc6 Bxc6 19. Nf3 Nxe3 20. Qxe3 Qb7 21. Rxd8 Rxd8 22. Rd1 Rxd1+ 23. Bxd1 b5 24. Ne1 b4 25. Qd2 bxc3 26. bxc3 Qb1 27. Qc2 Qxc2 28. Nxc2 Bxc3 29. Ne3 Kf8 30. Bb3 Ke8 31. Kf1 Bb5+ 32. Bc4 Bxc4+ 33. Nxc4 Kd7 34. Ke2 Kc6 35. Kd3 Bg7 36. Na5+ Kb5 37. Nb7 Be5 38. Nd8 f6 39. Ke4 Ka4 40. Ne6 Ka3 41. Kd3 Kxa2 42. Kc4 Bd6 43. Nd4 Ka3 44. f3 Kb2 45. f4 e5 46. fxe5 fxe5 47. Ne2 Kc2 48. Nc3 Bf8 49. Ne4 Kd1 50. Kd5 Bg7 51. g4 a5 52. h4 Kc2 53. Kc4 Bf8 54. Nc3 Be7 55. h5 Bf8 56. Na4 Kd2 57. Kd5 Bg7 58. Nc5 Ke3 59. hxg6 hxg6 60. g5 Kf3 61. Ke6 e4 62. Kf7 Bd4 63. Nb3 Bc3 64. Kxg6 a4 65. Nc1 Bb2 66. Na2 e3 67. Nb4 e2 68. Nc2 a3 69. Kf7 Kf2 70. g6 e1Q 71. Nxa3 Qe5 0-1

[Event "Arco op 40th"]
[Site "Arco"]
[Date "2018.10.13"]
[Round "1"]
[White "Pedrotti, Luciano"]
[Black "Knitl, Anton"]
[Result "0-1"]
[WhiteElo "1790"]
[BlackElo "2191"]
[PlyCount "48"]
[EventDate "2018.10.13"]
[EventType "swiss"]
[EventRounds "9"]
[EventCountry "ITA"]
[SourceTitle "CBM 186 Extra"]
[Source "ChessBase"]
[SourceDate "2018.08.24"]
[SourceVersion "1"]
[SourceVersionDate "2018.08.24"]
[SourceQuality "1"]

1. e4 c5 2. Nf3 e6 3. c3 d5 4. exd5 Qxd5 5. d4 Nf6 6. Be2 Nc6 7. 0-0 cxd4 8. Nxd4 Nxd4 9. Qxd4 Qxd4 10. cxd4 Bd7 11. Nc3 Bc6 12. Be3 Be7 13. Bb5 Bxb5 14. Nxb5 Nd5 15. Rac1 Kd7 16. a3 Rhc8 17. Rxc8 Rxc8 18. Rc1 a6 19. Nc3 Nxc3 20. bxc3 Bxa3 21. Rc2 b5 22. Kf1 b4 23. c4 b3 24. Rc3 Rb8 0-1

[Event "Arco op-A 39th"]
[Site "Arco"]
[Date "2017.10.07"]
[Round "1"]
[White "Pedrotti, Luciano"]
[Black "Lezzerini, Marco"]
[Result "0-1"]
[WhiteElo "1752"]
[BlackElo "2142"]
[PlyCount "94"]
[EventDate "2017.10.07"]
[EventType "swiss"]
[EventRounds "9"]
[EventCountry "ITA"]
[SourceTitle "CBM 181 Extra"]
[Source "ChessBase"]
[SourceDate "2017.12.12"]
[SourceVersion "1"]
[SourceVersionDate "2017.12.12"]
[SourceQuality "1"]

1. e4 c5 2. Nf3 e6 3. Be2 d6 4. 0-0 Nf6 5. d3 Be7 6. Nbd2 0-0 7. Nc4 b5 8. Ne3 Nc6 9. b3 Bb7 10. Bb2 Qc7 11. c3 Rfd8 12. Qc2 Rac8 13. Rfd1 d5 14. e5 Nxe5 15. Nxe5 Qxe5 16. d4 cxd4 17. Rxd4 Bc5 18. Ng4 Qg5 19. Bc1 Qg6 20. Qxg6 hxg6 21. Nxf6+ gxf6 22. Rd1 a6 23. Bf3 Bd6 24. Bd2 Be5 25. Rac1 Rd7 26. Rc2 Rdc7 27. Rdc1 Bd6 28. a4 bxa4 29. bxa4 Rc4 30. Rb1 R8c7 31. a5 Ra4 32. c4 Bc8 33. g3 Raxc4 34. Rxc4 Rxc4 35. Be3 Kf8 36. Be2 Rc6 37. Rb6 Rxb6 38. Bxb6 Ke7 39. h4 f5 40. Kg2 Bb7 41. f3 e5 42. Be3 d4 43. Bd2 e4 44. fxe4 fxe4 45. Be1 d3 46. Bd1 e3+ 47. Bf3 d2 0-1

[Event "Arco op 38th"]
[Site "Arco"]
[Date "2016.10.12"]
[Round "5"]
[White "Aigner, Georg"]
[Black "Pedrotti, Luciano"]
[Result "1-0"]
[WhiteElo "1914"]
[BlackElo "1787"]
[PlyCount "83"]
[EventDate "2016.10.08"]
[EventType "swiss"]
[EventRounds "9"]
[EventCountry "ITA"]
[SourceTitle "EXT 2017"]
[Source "ChessBase"]
[SourceDate "2016.10.25"]
[SourceVersion "1"]
[SourceVersionDate "2016.10.25"]
[SourceQuality "1"]

1. e4 e5 2. Nf3 Nc6 3. Bb5 a6 4. Bxc6 dxc6 5. 0-0 Bg4 6. h3 Bh5 7. g4 Bg6 8. Nxe5 Qd6 9. Nc4 Qe6 10. d3 h5 11. Qf3 hxg4 12. Qxg4 Rxh3 13. Qxe6+ fxe6 14. Ne5 Bh7 15. Kg2 Rh5 16. f4 0-0-0 17. Nd2 g6 18. Ndf3 Be7 19. Be3 Bf6 20. Rh1 Ne7 21. Rxh5 gxh5 22. Rh1 Bxe5 23. Nxe5 Rg8+ 24. Kf2 Ng6 25. Rxh5 Nxe5 26. Rxh7 Ng4+ 27. Kf3 Nxe3 28. Kxe3 Rg2 29. f5 exf5 30. exf5 Kd8 31. f6 Rg8 32. Kf4 Rg2 33. Ke5 Re2+ 34. Kf5 Rf2+ 35. Ke6 Re2+ 36. Kf7 Re8 37. Kg7 Re2 38. Rh6 Rf2 39. Rh4 Rg2+ 40. Kf7 c5 41. Ke6 Rg8 42. f7 1-0

[Event "Arco op 38th"]
[Site "Arco"]
[Date "2016.10.08"]
[Round "1"]
[White "Voltolini, Giuseppe"]
[Black "Pedrotti, Luciano"]
[Result "1-0"]
[WhiteElo "2126"]
[BlackElo "1787"]
[PlyCount "113"]
[EventDate "2016.10.08"]
[EventType "swiss"]
[EventRounds "9"]
[EventCountry "ITA"]
[SourceTitle "EXT 2017"]
[Source "ChessBase"]
[SourceDate "2016.10.25"]
[SourceVersion "1"]
[SourceVersionDate "2016.10.25"]
[SourceQuality "1"]

1. d4 Nf6 2. c4 e6 3. Nc3 Bb4 4. Qc2 0-0 5. a3 Bxc3+ 6. Qxc3 c6 7. Bg5 d5 8. e3 Nbd7 9. Bd3 h6 10. Bh4 Re8 11. Nf3 Qc7 12. Bg3 Qd8 13. c5 Nf8 14. Qc2 Bd7 15. 0-0 N6h7 16. h3 f5 17. Ne5 Nf6 18. f3 Bc8 19. Bh2 N6d7 20. b4 Nxe5 21. Bxe5 Nd7 22. Bh2 Nf6 23. b5 Bd7 24. Qa4 Qc8 25. Rab1 cxb5 26. Bxb5 Re7 27. Rfc1 Bc6 28. Rb2 Nd7 29. Bxc6 bxc6 30. Bd6 Re8 31. Rcb1 Kh7 32. Rb4 e5 33. Qc2 e4 34. f4 Re6 35. Qf2 Rf6 36. Kh1 Rf7 37. R1b3 Kg8 38. Qe2 Kh7 39. Qh5 g6 40. Qe2 h5 41. Rb7 a5 42. a4 Rg7 43. Rc7 Qe8 44. Rbb7 Rb8 45. Qa6 Rxb7 46. Qxb7 Rf7 47. Qxc6 Rg7 48. Qxd5 Nf6 49. Rxg7+ Kxg7 50. Be5 Qf7 51. Qxf7+ Kxf7 52. Bxf6 Kxf6 53. c6 Ke6 54. Kg1 Kd6 55. d5 h4 56. Kf2 Kc7 57. g3 1-0

[Event "Arco op 37th"]
[Site "Arco"]
[Date "2015.10.17"]
[Round "8"]
[White "Pedrotti, Luciano"]
[Black "Nanni, Sergio"]
[Result "1-0"]
[WhiteElo "1777"]
[BlackElo "1709"]
[PlyCount "89"]
[EventDate "2015.10.10"]
[EventType "swiss"]
[EventRounds "9"]
[EventCountry "ITA"]
[SourceTitle "CBM 168 Extra"]
[Source "ChessBase"]
[SourceDate "2015.10.29"]
[SourceVersion "1"]
[SourceVersionDate "2015.10.29"]
[SourceQuality "1"]

1. e4 e5 2. Nf3 Nf6 3. Nc3 Nc6 4. d4 exd4 5. Nxd4 Bc5 6. Nxc6 bxc6 7. Be2 d6 8. 0-0 0-0 9. Bg5 a6 10. Qd3 Be6 11. Bf3 Rb8 12. b3 Qd7 13. Rad1 Ng4 14. Bf4 f6 15. Ne2 Ne5 16. Bxe5 fxe5 17. Ng3 Rf6 18. Qxa6 Rbf8 19. Rd2 Bg4 20. Bxg4 Qxg4 21. Qd3 Rg6 22. c3 h5 23. Qe2 h4 24. Qxg4 Rxg4 25. Nf5 d5 26. b4 Rxe4 27. Nxh4 Bxb4 28. cxb4 Rxh4 29. Rc2 d4 30. Rxc6 e4 31. Rxc7 e3 32. f3 e2 33. Re1 Re8 34. Rd7 Re3 35. a4 d3 36. Kf2 Re6 37. Rxd3 Rxb4 38. Ra3 g5 39. Rxe2 Rf6 40. Kg3 Kg7 41. Re4 Rbb6 42. a5 Ra6 43. h4 Rf5 44. hxg5 Raxa5 45. Rxa5 1-0

[Event "Arco op 37th"]
[Site "Arco"]
[Date "2015.10.16"]
[Round "7"]
[White "Maddaloni, Giovanni"]
[Black "Pedrotti, Luciano"]
[Result "0-1"]
[WhiteElo "1508"]
[BlackElo "1777"]
[PlyCount "108"]
[EventDate "2015.10.10"]
[EventType "swiss"]
[EventRounds "9"]
[EventCountry "ITA"]
[SourceTitle "CBM 168 Extra"]
[Source "ChessBase"]
[SourceDate "2015.10.29"]
[SourceVersion "1"]
[SourceVersionDate "2015.10.29"]
[SourceQuality "1"]

1. e4 e5 2. Nf3 Nc6 3. Bb5 a6 4. Ba4 Nf6 5. 0-0 b5 6. Bb3 Be7 7. d3 0-0 8. h3 d6 9. c3 d5 10. Qe2 Bb7 11. Nbd2 dxe4 12. dxe4 Bd6 13. Re1 Ne7 14. Bc2 Ng6 15. Nf1 Nh5 16. Ng3 Nhf4 17. Qf1 Bc8 18. Be3 Be6 19. Bb3 Qd7 20. Nf5 Rfd8 21. Red1 Bxf5 22. exf5 Qxf5 23. Rd2 Nxh3+ 24. gxh3 Qxf3 25. Bd5 e4 26. Bxa8 Rxa8 27. Rd5 Ne5 28. Qg2 Qf5 29. Kf1 Qe6 30. Rad1 f5 31. Qg5 g6 32. Qg2 Re8 33. b4 Nd3 34. R5xd3 exd3 35. Rxd3 Qxa2 36. Qd5+ Qxd5 37. Rxd5 Kf7 38. Kg2 Ke6 39. Rd3 Rc8 40. Bd4 c5 41. bxc5 Bxc5 42. Bxc5 Rxc5 43. Kf3 a5 44. Kf4 h6 45. h4 Rc4+ 46. Kg3 b4 47. cxb4 axb4 48. f3 Ke5 49. Rd8 h5 50. Rd7 b3 51. Rb7 Rc3 52. Rb6 f4+ 53. Kf2 Rc2+ 54. Ke1 b2 0-1

[Event "Arco op 37th"]
[Site "Arco"]
[Date "2015.10.14"]
[Round "5"]
[White "Gulinelli, Euro"]
[Black "Pedrotti, Luciano"]
[Result "0-1"]
[WhiteElo "1669"]
[BlackElo "1777"]
[PlyCount "102"]
[EventDate "2015.10.10"]
[EventType "swiss"]
[EventRounds "9"]
[EventCountry "ITA"]
[SourceTitle "CBM 168 Extra"]
[Source "ChessBase"]
[SourceDate "2015.10.29"]
[SourceVersion "1"]
[SourceVersionDate "2015.10.29"]
[SourceQuality "1"]

1. e4 e5 2. Nf3 Nc6 3. Bb5 a6 4. Ba4 Nf6 5. 0-0 b5 6. Bb3 Be7 7. Re1 0-0 8. c3 d6 9. d4 Bb7 10. d5 Nb8 11. a4 Nbd7 12. Bc2 c5 13. Nbd2 c4 14. Nf1 Nc5 15. Ng3 g6 16. Bh6 Re8 17. Qd2 Ng4 18. h3 Nxh6 19. Qxh6 Bf8 20. Qd2 Qf6 21. h4 Be7 22. Qh6 Qg7 23. Qxg7+ Kxg7 24. h5 Kh6 25. hxg6 hxg6 26. Kf1 Reb8 27. axb5 axb5 28. Ke2 Kg7 29. Rh1 Bc8 30. Ke3 Bd8 31. Ne2 Bb6 32. Kd2 Nd7 33. b3 cxb3 34. Bxb3 Bxf2 35. Rhb1 Bb6 36. Bc2 Ra5 37. Rxa5 Bxa5 38. Ng5 b4 39. Rf1 bxc3+ 40. Nxc3 Nf6 41. Ra1 Ra8 42. Rb1 Ra7 43. Rb3 Rc7 44. Bd3 Kh6 45. Nf3 Nd7 46. Ra3 Nc5 47. Bc2 Bb4 48. Ra2 Bxc3+ 49. Kxc3 Nxe4+ 50. Kd3 f5 51. Ke3 Nf6 0-1

[Event "Arco op 37th"]
[Site "Arco"]
[Date "2015.10.11"]
[Round "2"]
[White "Pedrotti, Luciano"]
[Black "Trauth, Michael"]
[Result "0-1"]
[WhiteElo "1777"]
[BlackElo "2166"]
[PlyCount "52"]
[EventDate "2015.10.10"]
[EventType "swiss"]
[EventRounds "9"]
[EventCountry "ITA"]
[SourceTitle "CBM 168 Extra"]
[Source "ChessBase"]
[SourceDate "2015.10.29"]
[SourceVersion "1"]
[SourceVersionDate "2015.10.29"]
[SourceQuality "1"]

1. e4 c5 2. Nf3 Nc6 3. d4 cxd4 4. Nxd4 Nf6 5. Nc3 g6 6. Be2 Bg7 7. 0-0 0-0 8. Bf3 Ne5 9. Nd5 Nxf3+ 10. Nxf3 Nxe4 11. Re1 f5 12. c3 e6 13. Ne3 d5 14. Nd4 e5 15. Nb3 Be6 16. f3 Nf6 17. Nc5 Bf7 18. Kh1 Qc7 19. Nb3 Rad8 20. Nf1 a5 21. Be3 a4 22. Nc5 d4 23. cxd4 exd4 24. Bxd4 Nh5 25. Qxa4 Rxd4 26. b4 Qxc5 0-1

[Event "ITA-ch Seniors 35th"]
[Site "Arco"]
[Date "2013.04.12"]
[Round "1"]
[White "Pedrotti, Luciano"]
[Black "Valenti, Giuseppe"]
[Result "0-1"]
[WhiteElo "1800"]
[BlackElo "2191"]
[PlyCount "73"]
[EventDate "2013.04.12"]
[EventType "swiss"]
[EventRounds "9"]
[EventCountry "ITA"]
[SourceTitle "CBM 154 Extra"]
[Source "ChessBase"]
[SourceDate "2013.06.25"]
[SourceVersion "2"]
[SourceVersionDate "2013.06.25"]
[SourceQuality "1"]

1. e4 c5 2. Nf3 e6 3. d4 cxd4 4. Nxd4 a6 5. Nc3 Qc7 6. Be2 Nf6 7. Bg5 Be7 8. 0-0 h6 9. Bh4 Nxe4 10. Bxe7 Nxc3 11. bxc3 Kxe7 12. Qd2 d6 13. Rfd1 Nd7 14. Nf3 Nf6 15. Qe3 Rd8 16. h3 Kf8 17. c4 b6 18. Rab1 Rb8 19. Qd4 Rd7 20. Rb3 e5 21. Qd2 Ne4 22. Qe1 Nc5 23. Rbb1 Re7 24. Qc3 Be6 25. Nd2 Bf5 26. g4 Bg6 27. Bd3 e4 28. Bf1 e3 29. fxe3 d5 30. cxd5 Qg3+ 31. Bg2 Rxe3 32. Qc4 Bd3 33. Qxc5+ bxc5 34. Rxb8+ Qxb8 35. Nf1 Bxf1 36. Rxf1 Qe5 37. Rxf7+ 0-1

[Event "Arco op 34th"]
[Site "Arco"]
[Date "2012.10.19"]
[Round "7"]
[White "Espinosa Cancino, Cristina"]
[Black "Pedrotti, Luciano"]
[Result "0-1"]
[WhiteElo "1479"]
[BlackElo "1811"]
[PlyCount "116"]
[EventDate "2012.10.13"]
[EventType "swiss"]
[EventRounds "9"]
[EventCountry "ITA"]
[SourceTitle "EXT 2013"]
[Source "ChessBase"]
[SourceDate "2012.11.22"]
[SourceVersion "1"]
[SourceVersionDate "2012.11.22"]
[SourceQuality "1"]

1. e4 e5 2. Nf3 Nc6 3. Bb5 a6 4. Ba4 Be7 5. 0-0 b5 6. Bb3 Nf6 7. Re1 0-0 8. c3 d6 9. h3 Bb7 10. d3 Nb8 11. Bc2 Nbd7 12. Be3 c5 13. b3 d5 14. d4 exd4 15. cxd4 Nxe4 16. dxc5 Bxc5 17. Bxc5 Ndxc5 18. b4 Qf6 19. Nbd2 Nc3 20. Qc1 N5e4 21. Nb3 Rac8 22. Qe3 h6 23. Nfd4 Qg5 24. Qd3 g6 25. f3 Nd6 26. Nc5 Na4 27. Bxa4 bxa4 28. Nxa4 Rce8 29. Nc5 Bc8 30. Rad1 Qh4 31. Ne2 Nc4 32. Qc3 Re3 33. Qd4 Qe7 34. Kf1 Re8 35. Nd3 Rxe2 36. Qxd5 Rxe1+ 37. Rxe1 Qxe1+ 38. Nxe1 Ne3+ 39. Kf2 Nxd5 40. Nd3 Nc3 41. Nc1 Be6 42. a3 Bc4 43. g4 Na2 44. Nxa2 Bxa2 45. h4 Rc8 46. Kg3 Rc3 47. a4 Bd5 48. Kf4 f6 49. Kg3 Bxf3 50. b5 axb5 51. axb5 Bc6+ 52. Kf2 Bxb5 53. Kg2 Kf7 54. Kf2 Ke6 55. Kg2 Ke5 56. Kf2 Kf4 57. Kg2 Rc2+ 58. Kg1 Kg3 0-1

[Event "Arco op 34th"]
[Site "Arco"]
[Date "2012.10.15"]
[Round "3"]
[White "Pedrotti, Luciano"]
[Black "Ebeling, Jens"]
[Result "0-1"]
[WhiteElo "1811"]
[BlackElo "2011"]
[PlyCount "142"]
[EventDate "2012.10.13"]
[EventType "swiss"]
[EventRounds "9"]
[EventCountry "ITA"]
[SourceTitle "EXT 2013"]
[Source "ChessBase"]
[SourceDate "2012.11.22"]
[SourceVersion "1"]
[SourceVersionDate "2012.11.22"]
[SourceQuality "1"]

1. e4 g6 2. d4 Bg7 3. Nf3 d6 4. c3 Nc6 5. Bb5 Bd7 6. 0-0 Nf6 7. Re1 0-0 8. Nbd2 a6 9. Bd3 e5 10. d5 Ne7 11. Nf1 Nh5 12. Ng3 Nxg3 13. fxg3 h6 14. Be3 f5 15. exf5 gxf5 16. Bc4 Ng6 17. Qd2 f4 18. gxf4 Nxf4 19. Bxf4 Rxf4 20. Bb3 Qf6 21. Bc2 Rf8 22. Be4 h5 23. Qd3 Bh6 24. Rf1 h4 25. h3 Kh8 26. Nh2 Qg7 27. Rxf4 Rxf4 28. Rf1 Qg3 29. Rxf4 Qxf4 30. Nf1 Kg7 31. Bh7 Qf6 32. Be4 Bb5 33. c4 Be8 34. Qf3 Qxf3 35. Bxf3 Bg6 36. Kf2 Bc1 37. b3 Bb1 38. Ne3 Bxe3+ 39. Kxe3 Bxa2 40. Bd1 Bb1 41. Kf3 a5 42. Kg4 Be4 43. Kxh4 Bxg2 44. Bc2 Bf1 45. Kg3 b6 46. h4 a4 47. Kf2 axb3 48. Bxb3 Bd3 49. Ke3 Bg6 50. Bd1 Kh6 51. Bg4 Bh5 52. Bd7 Bd1 53. Be8 Bc2 54. Bf7 Bb3 55. Kd3 Bd1 56. Kd2 Bh5 57. Be6 Be8 58. Bg4 Ba4 59. Kc3 Be8 60. Kd2 c6 61. Bf3 cxd5 62. cxd5 Bh5 63. Be4 Bg4 64. Kc3 Kh5 65. Bd3 Kxh4 66. Kb4 Bd7 67. Ba6 e4 68. Kc3 Kg3 69. Kd4 Kf3 70. Kc3 e3 71. Bd3 Kf2 0-1

[Event "Arco op"]
[Site "Arco"]
[Date "2011.12.28"]
[Round "4"]
[White "Pedrotti, Luciano"]
[Black "Paltrinieri, Nicholas"]
[Result "0-1"]
[WhiteElo "1801"]
[BlackElo "2109"]
[PlyCount "74"]
[EventDate "2011.12.26"]
[EventType "swiss"]
[EventRounds "7"]
[EventCountry "ITA"]
[SourceTitle "EXT 2023"]
[Source "ChessBase"]
[SourceDate "2022.10.05"]
[SourceVersion "1"]
[SourceVersionDate "2022.10.05"]
[SourceQuality "1"]

1. e4 e6 2. d4 d5 3. exd5 exd5 4. Nc3 Be6 5. Nf3 Nc6 6. Bb5 Bd6 7. 0-0 Nge7 8. Ne2 Ng6 9. c3 Qd7 10. Ng3 a6 11. Be2 h5 12. Re1 h4 13. Nf1 0-0-0 14. Ng5 Nce7 15. Nxe6 fxe6 16. Bg5 Rdf8 17. Bg4 Nf5 18. Qe2 Re8 19. Qd2 Qf7 20. Re2 Nh6 21. Bh3 Bf4 22. Bxf4 Nxf4 23. Re3 g5 24. Rf3 Rhf8 25. Ne3 Qh5 26. Rxf4 gxf4 27. Qd1 Qxd1+ 28. Nxd1 Nf5 29. b3 e5 30. Nb2 exd4 31. cxd4 Kd8 32. Bxf5 Rxf5 33. f3 Re2 34. Nd3 Rd2 35. Nc5 b6 36. Ne6+ Kd7 37. Re1 Rf6 0-1

[Event "Arco op"]
[Site "Arco"]
[Date "2011.12.26"]
[Round "1"]
[White "Spornberger, Maximilian"]
[Black "Pedrotti, Luciano"]
[Result "1-0"]
[WhiteElo "2202"]
[BlackElo "1801"]
[PlyCount "109"]
[EventDate "2011.12.26"]
[EventType "swiss"]
[EventRounds "7"]
[EventCountry "ITA"]
[SourceTitle "EXT 2023"]
[Source "ChessBase"]
[SourceDate "2022.10.05"]
[SourceVersion "1"]
[SourceVersionDate "2022.10.05"]
[SourceQuality "1"]

1. e4 e5 2. Nf3 Nc6 3. d4 exd4 4. Bc4 Be7 5. c3 d6 6. cxd4 Nf6 7. Nc3 0-0 8. d5 Ne5 9. Nxe5 dxe5 10. 0-0 Bg4 11. Qb3 b6 12. Be3 Bd6 13. Rac1 Bh5 14. f3 Nd7 15. Qc2 a6 16. Qe2 b5 17. Bd3 Nc5 18. Bc2 Rc8 19. Qf2 Qe7 20. b4 Nd7 21. a3 Bg6 22. Bb3 f5 23. exf5 Bxf5 24. Qd2 Nf6 25. Bg5 h6 26. Bh4 Qf7 27. Rce1 Kh8 28. Ne4 Bxe4 29. fxe4 Qg6 30. Bd1 Nd7 31. Bf3 Nb6 32. Qe2 Rf4 33. Bh5 Qh7 34. Rxf4 exf4 35. e5 Bf8 36. e6 Nxd5 37. e7 Ne3 38. e8Q Rxe8 39. Bxe8 Qe4 40. Qf3 Qxf3 41. gxf3 c5 42. bxc5 Bxc5 43. Bf2 Kg8 44. Bxe3 Bxe3+ 45. Kf1 Kf8 46. Bg6 Ke7 47. Ke2 Ke6 48. Kd3 Kd5 49. a4 b4 50. Bf7+ Kc5 51. Re2 a5 52. Rc2+ Kd6 53. Kc4 Ke7 54. Bg8 Bb6 55. Kb5 1-0

[Event "Arco op 32nd"]
[Site "Arco"]
[Date "2010.10.20"]
[Round "5"]
[White "Mircoli, Filippo"]
[Black "Pedrotti, Luciano"]
[Result "0-1"]
[WhiteElo "1699"]
[BlackElo "1833"]
[PlyCount "174"]
[EventDate "2010.10.16"]
[EventType "swiss"]
[EventRounds "9"]
[EventCountry "ITA"]
[SourceTitle "EXT 2024"]
[Source "ChessBase"]
[SourceDate "2023.10.10"]
[SourceVersion "1"]
[SourceVersionDate "2023.10.10"]
[SourceQuality "1"]

1. e4 e5 2. Nf3 Nc6 3. Bb5 a6 4. Ba4 Nf6 5. 0-0 b5 6. Bb3 Be7 7. Re1 0-0 8. c3 d6 9. h3 Bb7 10. d4 Bc8 11. Bd2 h6 12. Bc2 Re8 13. Be3 Bf8 14. d5 Ne7 15. Nbd2 c6 16. dxc6 Nxc6 17. a4 Bb7 18. b4 d5 19. a5 d4 20. cxd4 Bxb4 21. dxe5 Nxe5 22. Nxe5 Rxe5 23. Nf3 Re8 24. Qxd8 Raxd8 25. e5 Nd7 26. Bd2 Bxd2 27. Nxd2 Nxe5 28. Nb3 Nc4 29. Nc5 Bc8 30. f3 Rxe1+ 31. Rxe1 g6 32. Re7 Kg7 33. Ra7 Nxa5 34. Nxa6 Bxa6 35. Rxa6 Nc4 36. Rc6 Rd7 37. Be4 Ne3 38. f4 b4 39. Rb6 Rd4 40. Bc6 Rxf4 41. Rb7 Kf8 42. g3 Rf6 43. Ba4 Rf1+ 44. Kh2 Rf2+ 45. Kg1 Rb2 46. Rb8+ Kg7 47. Rb7 Rg2+ 48. Kh1 Rxg3 49. Kh2 Rg5 50. Rxb4 Nf1+ 51. Kh1 Nd2 52. Bc6 Rc5 53. Bg2 Rf5 54. Rd4 Nf3 55. Rd6 h5 56. Rd3 Ne1 57. Rd6 Nxg2 58. Kxg2 h4 59. Rd4 g5 60. Rd6 f6 61. Rd7+ Kg6 62. Rd1 Re5 63. Kf3 Rc5 64. Rd4 Rc3+ 65. Kg2 Re3 66. Rd5 Re5 67. Rd8 Kf5 68. Rd4 Re4 69. Rd6 Ke5 70. Rd8 f5 71. Kf3 Rd4 72. Re8+ Kd5 73. Rg8 Rd3+ 74. Kg2 Rg3+ 75. Kf2 Ke4 76. Re8+ Kf4 77. Rd8 Rxh3 78. Rd4+ Ke5 79. Rd8 g4 80. Kg2 Rc3 81. Rg8 Rc2+ 82. Kh1 h3 83. Rg7 Kf4 84. Rd7 g3 85. Rd4+ Ke3 86. Rd1 f4 87. Rb1 Kd2 0-1

[Event "Wch Seniors 19th"]
[Site "Condino"]
[Date "2009.11.05"]
[Round "9"]
[White "Laco, Giuseppe"]
[Black "Pedrotti, Luciano"]
[Result "1-0"]
[WhiteElo "2127"]
[BlackElo "1825"]
[PlyCount "99"]
[EventDate "2009.10.27"]
[EventType "swiss"]
[EventRounds "11"]
[EventCountry "ITA"]
[SourceTitle "EXT 2010"]
[Source "ChessBase"]
[SourceDate "2010.11.25"]
[SourceVersion "1"]
[SourceVersionDate "2010.11.25"]
[SourceQuality "1"]

1. c4 Nf6 2. b4 e6 3. a3 b6 4. Bb2 Be7 5. Qc2 Bb7 6. f3 c5 7. b5 0-0 8. e4 d6 9. Bd3 e5 10. g4 Nfd7 11. Ne2 Re8 12. Ng3 Nf8 13. Nc3 Ng6 14. Nce2 Nh4 15. 0-0 g6 16. h3 Bc8 17. a4 Nd7 18. a5 a6 19. axb6 Nxb6 20. Bc3 axb5 21. Rxa8 Nxa8 22. cxb5 Be6 23. Ba1 Nb6 24. Nc3 Qa8 25. Be2 Bg5 26. Bb2 Qb7 27. Rf2 Ra8 28. Nf1 h5 29. Ne3 Bf4 30. Ng2 Nxg2 31. Kxg2 hxg4 32. fxg4 Kg7 33. Rxf4 exf4 34. Nd5+ Kf8 35. Nxf4 Ra4 36. d3 Rb4 37. Qc3 Rd4 38. Nxe6+ fxe6 39. Qc1 Qg7 40. Qg5 Ke8 41. Bxd4 cxd4 42. Bd1 Nd7 43. b6 Nxb6 44. Qb5+ Nd7 45. Ba4 Qe7 46. Qb7 Qd8 47. h4 Ke7 48. Kh3 g5 49. h5 e5 50. Qxd7+ 1-0

[Event "Arco op 31st"]
[Site "Arco"]
[Date "2009.10.20"]
[Round "5"]
[White "Tovazzi, Maurizio"]
[Black "Pedrotti, Luciano"]
[Result "0-1"]
[WhiteElo "1643"]
[BlackElo "1829"]
[PlyCount "54"]
[EventDate "2009.10.17"]
[EventType "swiss"]
[EventRounds "9"]
[EventCountry "ITA"]
[SourceTitle "EXT 2010"]
[Source "ChessBase"]
[SourceDate "2010.11.25"]
[SourceVersion "1"]
[SourceVersionDate "2010.11.25"]
[SourceQuality "1"]

1. d4 Nf6 2. c4 e6 3. Nf3 b6 4. e3 Bb7 5. Be2 d5 6. Nbd2 c5 7. 0-0 cxd4 8. Nxd4 Be7 9. b3 0-0 10. Bb2 Nbd7 11. N2f3 Bd6 12. Rc1 Rc8 13. h3 Bb8 14. Re1 Ne4 15. Bd3 Ndc5 16. Bb1 Qf6 17. Qe2 Ng5 18. Nxg5 Qxg5 19. Nf3 Qh6 20. Red1 dxc4 21. Rxc4 Rfd8 22. Rg4 g6 23. h4 f5 24. Rg5 Bxf3 25. Qxf3 Qxh4 26. Rxd8+ Rxd8 27. Bf6 Qh2+ 0-1

[Event "Condino op"]
[Site "Condino"]
[Date "2009.07.31"]
[Round "6"]
[White "Pedrotti, Luciano"]
[Black "Trifoni, Giorgio"]
[Result "1-0"]
[WhiteElo "1819"]
[BlackElo "1596"]
[PlyCount "77"]
[EventDate "2009.07.27"]
[EventType "swiss"]
[EventRounds "7"]
[EventCountry "ITA"]
[SourceTitle "CBM 131 Extra"]
[Source "ChessBase"]
[SourceDate "2009.09.03"]
[SourceVersion "2"]
[SourceVersionDate "2009.09.16"]
[SourceQuality "1"]

1. e4 b6 2. Nc3 Bb7 3. Nf3 e6 4. Be2 Ne7 5. 0-0 d6 6. d4 Nd7 7. Be3 g6 8. Bd3 Bg7 9. Ne2 Nf6 10. Ng3 a6 11. c3 h6 12. h3 Qd7 13. Re1 Nh7 14. Qd2 g5 15. Nh5 Bf8 16. e5 d5 17. Bxh7 0-0-0 18. Nf6 Qc6 19. Bd3 Ng8 20. Qe2 b5 21. Nxg8 Rxg8 22. Nh2 Be7 23. Qh5 Qe8 24. Ng4 Rh8 25. b3 c6 26. a4 Qf8 27. axb5 cxb5 28. c4 Bb4 29. Rec1 dxc4 30. bxc4 bxc4 31. Bxc4 Kb8 32. Bxa6 Ba3 33. Rcb1 Rd7 34. Nf6 Rc7 35. Rxb7+ Rxb7 36. Bxb7 Kxb7 37. Qf3+ Kc7 38. Rb1 Bb4 39. Rc1+ 1-0

[Event "Condino op"]
[Site "Condino"]
[Date "2009.07.28"]
[Round "3"]
[White "Righi, Ezio"]
[Black "Pedrotti, Luciano"]
[Result "1-0"]
[WhiteElo "2111"]
[BlackElo "1819"]
[PlyCount "119"]
[EventDate "2009.07.27"]
[EventType "swiss"]
[EventRounds "7"]
[EventCountry "ITA"]
[SourceTitle "CBM 131 Extra"]
[Source "ChessBase"]
[SourceDate "2009.09.03"]
[SourceVersion "2"]
[SourceVersionDate "2009.09.16"]
[SourceQuality "1"]

1. e4 e5 2. Nf3 Nc6 3. Bb5 a6 4. Ba4 Nf6 5. d3 b5 6. Bb3 Be7 7. Nbd2 0-0 8. Nf1 d5 9. Qe2 Bg4 10. c3 b4 11. Ng3 a5 12. h3 Be6 13. Ba4 Qd6 14. Bxc6 Qxc6 15. Nxe5 Qb5 16. c4 dxc4 17. Nxc4 Nd7 18. Be3 Bf6 19. 0-0 Rfd8 20. Rad1 Nc5 21. Bxc5 Qxc5 22. b3 Bd4 23. Kh2 Rd7 24. f4 Rad8 25. f5 Bxc4 26. dxc4 Qe5 27. f6 c5 28. Rf5 Qe6 29. fxg7 f6 30. Rd5 Rxd5 31. exd5 Qe5 32. Qxe5 Bxe5 33. Rd3 Kxg7 34. Kg1 Kg6 35. Kf2 Re8 36. Kf3 Bd4 37. Ne2 Be5 38. Nf4+ Kf7 39. Re3 Rg8 40. g4 Ke7 41. Nd3 Kd6 42. Nxe5 fxe5 43. Ke4 a4 44. Rf3 axb3 45. axb3 Ra8 46. Rf6+ Kc7 47. Kxe5 Ra3 48. Rf7+ Kb6 49. Rf3 Kc7 50. d6+ Kc6 51. Ke6 Ra7 52. Rf7 Ra1 53. Rc7+ Kb6 54. Rc8 Re1+ 55. Kf7 Rf1+ 56. Ke8 Re1+ 57. Kd7 Re5 58. Rb8+ Ka7 59. Kc7 Re3 60. d7 1-0